000 00423nam a22001577a 4500
999 _c263140
_d263139
003 OSt
005 20240304153110.0
008 240304b xxu||||| |||| 00| 0 eng d
020 _a0439050006
040 _cRU
100 _aPilkey, Dav
245 _aCaptain Underpants And the Wrath of the Wicked Wedgie Woman
_bThe Fifth Epic Novel
260 _aNew York
_bScholastic
_c2001
300 _a174p.
_bill.
942 _2lcc
_cBK